N°9 of Premier League (2023/2024) - Statistiques

Statistiques générales
  • Ce quiz a été pris 167 fois
  • Le résultat moyen est 10 sur 18
Statistiques - réponses
Club Nationalité Au club depuis NOM % Correct
Arsenal Brésil 2022/2023 Gabriel Jesus
99%
Manchester City Norvège 2022/2023 Erling Haaland
94%
Liverpool Uruguay 2022/2023 Darwin Nunez
92%
Manchester United France 2015/2016 Anthony Martial
90%
Tottenham Brésil 2022/2023 Richarlison
88%
Newcastle Utd Angleterre 2020/2021 Callum Wilson
67%
Brighton Brésil 2023/2024 Joao Pedro
63%
West Ham Utd Jamaïque 2015/2016 Michail Antonio
63%
Crystal Palace Ghana 2019/2020 Jordan Ayew
58%
Everton Angleterre 2016/2017 Dominic Calvert-Lewin
57%
Aston Villa Burkina Faso 2020/2021 Bertrand Traoré
56%
AFC Bournemouth Angleterre 2018/2019 Dominic Solanke
43%
Nottingham Forest Nigeria 2022/2023 Taiwo Awoniyi
30%
Wolverhampton Portugal 2020/2021 Fabio Silva
17%
Brentford Allemagne 2022/2023.. Kevin Schade
17%
Luton Town Angleterre 2022/2023 Carlton Morris
13%
Sheffield Utd Ecosse 2019/2020 Oli Mcburnie
10%
Burnley FC Angleterre 2019/2020 Jay Rodriguez
8%
Aucun quiz correspondant
Distribution des résultats
% des personnes avec chaque résultat
Percentile par nombre de réponses
Votre historique - résultats
Vous n’avez pas pris ce quiz